000
00336nam a2200145Ia 4500
008
191201s2012 xx 000 0 und d
082
_a
620.105
_b
SRA
100
_a
SRINATH, L.S
245
0
_a
Advanced Mechanics of Solids
250
_a
Rep
260
_a
N. delhi
_b
TMH
_c
2012
300
_a
504
650
_a
B.Tech(CE)
942
_2
ddc
_c
BK
999
_c
5288
_d
5288